China Trivia Quiz - Statistieken

Algemene statistieken
  • Deze quiz is 1.588 keer genomen
  • De gemiddelde score is 11 van 28
Antwoordstatistieken
Hint Antwoord % Correct
Wat is de hoofdstad van China? Peking
92%
Wat is de andere spelling van die stad? Beijing
83%
Tak van de Chinese taal #1 Mandarijn
81%
Welk voormalig Britse kolonie werd teruggegeven aan China in 1997? Hong Kong
73%
Welk mythologisch dier wordt vaak gebruikt om China te representeren? Draak
67%
Wie was de eerste leider van communistisch China? Mao Zedong
60%
Wat is de naam van de plek waar de keizer van China ooit leefde? De {Verboden} Stad
46%
Welk land werd in 1950 door China geannexeerd? Tibet
46%
Wat is China's volledige naam? {Volksrepubliek} China
45%
Wat is China's nationaal dier? Reuzenpanda
44%
Wat is de hoogste berg in China? Mount Everest
42%
Wat zijn de twee langste rivieren van China? Gele
39%
Wat is China's grootste woestijn? Gobi
39%
Welk voormalig Portugese kolonie werd teruggegeven aan China in 1999? Macau
39%
Tak van de Chinese taal #3 Yueyu / Kantonees
32%
Er zijn twaalf dieren in de Chinese dierenriem. Welke komt het eerst? Rat
29%
Wat zijn de twee langste rivieren van China? Jangtsekiang
27%
Wat waren de vier 'Grote Uitvindingen' van het oude China? Buskruit
26%
Wat waren de vier 'Grote Uitvindingen' van het oude China? Papier maken
23%
Wat is de valuta van China? Renminbi
22%
Wie was de meest invloedrijke filosoof in het oude China? Confucius
21%
Welke religie / filosofische traditie volgt de leer van Laozi? Taoïsme
19%
Op welk plein vond in 1989 democratieprotesten en een bloedbad plaats? {Tiananmen}plein
17%
Wat is China's grootste eiland? Hainan
16%
Tak van de Chinese taal #2 Wuyu / Shanghainees
15%
Wat waren de vier 'Grote Uitvindingen' van het oude China? Kompas
11%
Wat is de informele naam voor het noordoostelijke deel van China? Mantsjoerije
11%
Wat waren de vier 'Grote Uitvindingen' van het oude China? Printen
11%
Geen overeenkomende quizzen gevonden
Scoreverdeling
Procent van Mensen met Elke Score
Percentiel versus Aantal Correcte Antwoorden
Uw Scoregeschiedenis
U heeft deze quiz nog niet genomen